Die "Oberlausitzer Grenzurkunde" von 1241 aus der Sicht des Neusalzaer Juristen und Heimatforschers Gustav Herrmann Schulze (1833-1901) und der älteren modernen Forschung

Titel: Die "Oberlausitzer Grenzurkunde" von 1241 aus der Sicht des Neusalzaer Juristen und Heimatforschers Gustav Herrmann Schulze (1833-1901) und der älteren modernen Forschung / Lutz Mohr
Verfasser:
In: Leupolt, Gunther, 1922-2017: Geschichte und Geschichten aus Neusalza-Sprembergs Vergangenheit und Gegenwart, Band 4 (2011), Seite 29-50
alle Artikel anzeigen
Veröffentlicht: 2011
Umfang: Illustrationen
Format: Aufsatz
Sprache: Deutsch
Schlagworte:
Kein Bild verfügbar
X
alg: 50177239
001A    $03025:18-11-22 
001B    $03025:18-11-22 $t10:38:19.000 
001D    $03025:18-11-22 
001U    $0utf8 
001X    $00 
002@    $0Aox 
002C    $aText $btxt $2rdacontent 
002D    $aohne Hilfsmittel zu benutzen $bn $2rdamedia 
002E    $aBand $bnc $2rdacarrier 
003@    $0501772391 
007A    $01813223386 $aKXP 
010@    $ager 
010E    $erda 
011@    $a2011 $n2011 
021A    $aDie @"Oberlausitzer Grenzurkunde" von 1241 aus der Sicht des Neusalzaer Juristen und Heimatforschers Gustav Herrmann Schulze (1833-1901) und der älteren modernen Forschung $hLutz Mohr 
028A    $BVerfasser $#Mohr, Herbert Lutz $4aut $7123543908 $8Mohr, Lutz$Z1944- [Tp1] $9103053417 
031A    $d4 $h29-50 $j2011 
034M    $aIllustrationen 
039B    $aEnthalten in $8--Acx--Leupolt, Gunther$Z1922-2017 [Tp1]. Geschichte und Geschichten aus Neusalza-Sprembergs Vergangenheit und Gegenwart. - Neusalza-Spremberg : Kultur- und Heimatfreunde Neusalza-Spremberg e.V., 1999-. - Bände $x201100000040000971 $9498369595 
044K    $qK10plus $#Schulze, Gustav Herrmann $#Schulze, Hermann $#H. S. $#Schulze, G.H. $7107788382X $8Schulze, Gustav Hermann$Z1833-1901 [Tp1] $9365608238 
044K    $qK10plus $RLandesordnung $74034332-7 $8Landrecht [Ts1] $9085092150 
044K    $qK10plus $RAbgrenzung $#Boundaries $#Frontières $#Grenze $#Staatsgrenze $#Ende Grenze $#Grenzen $74130793-8 $8Grenze [Ts1] $9085463876 
044K    $qK10plus $RDokument $#Charters $#Chartes $#Quelle Urkunde $#Akten Formschlagwort $#Urkunden $#Urkundenwesen $74062132-7 $8Urkunde [Ts1] $9085172952 
044K    $qK10plus $RNeusalza $RSpremberg $74439649-1 $8Neusalza-Spremberg [Tg1] $9088766357 
044K    $qK10plus $RLausitz $#Lausitz, Süd $#Südliche Lausitz $74042942-8 $8Oberlausitz [Tg1] $9085119431 
044K    $qK10plus $RProtektorat Böhmen und Mähren $RBöhmische Länder $#Čech $#Königreich Böhmen $#České Království $#Království České $#Kronland Böhmen $#Čechy $#Ceské Království $#Království Ceské $74007467-5 $8Böhmen [Tgz] $9085012173 

lok: 50177239 78

exp: 50177239 78 1 #EPN
201B/01 $018-11-22 $t10:37:04.000 
201C/01 $018-11-22 
201U/01 $0utf8 
203@/01 $0122022989X 
208@/01 $a18-11-22 $be 
209A/01 $a/ $f000 $x00 
209A/01 $ab*p $x01 
209A/01 $aüberarbeitete Fassung aus dem Jahr 2017: https://nbn-resolving.org/urn:nbn:de:bsz:14-qucosa2-171416 $x03 
220C/01 $apgar 
244Z/01 $#Böhmische Kronländer $#Länder der Böhmischen Krone $#Sudetenland $#Böhmen $#Mähren $#Mährisch-Schlesien $#Österreichisch-Schlesien $#Tschechische Sozialistische Republik Böhmische Länder $#Tschechei Böhmische Länder $#Země koruny české $74069573-6 $8--Tg1--Böhmische Länder $x01 $9085195553 
244Z/01 $#Germania Slavica $#"Germania Slavica" $#Germania Slavica $#Germania Slavica $#Germania Slavica $#Germania Slavica $#Germania Slavica $8--Trx--Germania Slavica $x02 $9391371002 
247C/01 $82080>Marburg/Lahn, Herder-Institut, Forschungsbibliothek, Bibliographieportal $9336309341
LEADER 00000naa a22000002c 4500
001 501772391
003 DE-603
005 20221118103819.0
007 tu
008 221118s2011 xx |||| | u00||u|ger c
035 |a (DE-599)KXP1813223386 
040 |a DE-603  |b ger  |c DE-603  |d DE-603  |e rda 
041 |a ger 
100 1 |a Mohr, Lutz  |d 1944-  |e Verfasser  |4 aut  |0 (DE-603)103053417  |0 (DE-588)123543908  |2 gnd 
245 0 0 |a ˜Dieœ "Oberlausitzer Grenzurkunde" von 1241 aus der Sicht des Neusalzaer Juristen und Heimatforschers Gustav Herrmann Schulze (1833-1901) und der älteren modernen Forschung  |c Lutz Mohr 
264 0 |c 2011 
300 |b Illustrationen 
336 |a Text  |b txt  |2 rdacontent 
337 |a ohne Hilfsmittel zu benutzen  |b n  |2 rdamedia 
338 |a Band  |b nc  |2 rdacarrier 
600 1 7 |a Schulze, Gustav Hermann  |d 1833-1901  |0 (DE-588)107788382X  |0 (DE-603)365608238  |2 gnd 
650 7 |a Landrecht  |0 (DE-588)4034332-7  |0 (DE-603)085092150  |2 gnd 
650 7 |a Grenze  |0 (DE-588)4130793-8  |0 (DE-603)085463876  |2 gnd 
650 7 |a Urkunde  |0 (DE-588)4062132-7  |0 (DE-603)085172952  |2 gnd 
651 7 |a Neusalza-Spremberg  |0 (DE-588)4439649-1  |0 (DE-603)088766357  |2 gnd 
651 7 |a Oberlausitz  |0 (DE-588)4042942-8  |0 (DE-603)085119431  |2 gnd 
651 7 |a Böhmen  |0 (DE-588)4007467-5  |0 (DE-603)085012173  |2 gnd 
773 0 8 |i Enthalten in  |a Leupolt, Gunther, 1922-2017  |t Geschichte und Geschichten aus Neusalza-Sprembergs Vergangenheit und Gegenwart  |d Neusalza-Spremberg : Kultur- und Heimatfreunde Neusalza-Spremberg e.V., 1999-  |h Bände, 21 cm  |g Band 4 (2011), Seite 29-50  |w (DE-603)498369595 
924 0 |9 2080  |a (DE-603)122022989X  |b DE-2080  |c HES  |d d  |g /